Voňanie pehavej vody

Bibliographic Details
Main Authors: Zbruž, Kamil, 1964- (Author), Vadas, Marek, 1971- (Author)
Format: Article
Language:Slovak
Subjects:

MARC

LEADER 00000nab a2200000 a 4500
001 vtls000534016
003 SK-MaSNL
005 20260304094839.0
008 250425c1994 xo 0 slo
015 |a SNBRB19rr/mm-uuuuu 
035 |a CL0534154 
035 |a urn:nbn:sk:snk-abbot3 
035 |a (urnnbn)urn:nbn:sk:snk:ar-002m8y 
035 |a (uuid)31526711-34a2-4c01-842b-c668b961e0c6 
040 |a SNKBUCL  |b slo  |c SNKBUCL  |e AACR2 
041 0 |a slo 
044 |a xo  |c SK 
080 |a 82.09:885.4-3(048)  |2 1981 
080 |a 885.4-3(048)  |2 1981 
100 1 |a Zbruž, Kamil,  |d 1964-  |4 aut  |9 101419 
245 1 0 |a Voňanie pehavej vody  |c Kamil Zbruž 
500 |a V rubrike Štyri pohľady na... 
650 0 7 |a prózy experimentálne  |2 snkbucl  |9 944277 
655 7 |a články z novín a časopisov  |2 snkbucl  |9 267496 
700 1 |a Vadas, Marek,  |d 1971-  |4 aut  |9 102149 
773 0 |t Dotyky  |g Roč. 6, č. 10 (1994), s. 22-23 
787 0 8 |i Rec.:  |a Vadas, Marek  |t Malý román  |d Bratislava : Koloman Kertész Bagala, 1994 
850 |a Slovenská národná knižnica 
852 |a Slovenská národná knižnica 
958 |a article15 
958 |a OND 
958 |a RK 
958 |a LX 
958 |a EUIPO 
992 |a RBX 
999 |c 2829268  |d 2831198